| 000 | 00329nam a22001337a 4500 | ||
|---|---|---|---|
| 020 | _a0-340-56994-8 | ||
| 082 |
_a823 _bBLY/S |
||
| 100 | _aENID BLYTON | ||
| 245 |
_aTHE SECRET SEVEN _bFUN FOR THE SECRET SEVEN |
||
| 260 |
_aGREAT BRITAIN _bHODDER CHILDRENS BOOK |
||
| 300 | _a107 | ||
| 650 |
_aADVENTURE _zUNITED KINGDOM |
||
| 942 | _cBK | ||
| 999 |
_c216 _d216 |
||